000
00337nam a22001217a 4500
008
160510b xxu||||| |||| 00| 0 eng d
020
_a
9780030222993
020
_a
0030222990
041
_a
eng
080
_a
573
245
_a
Biology:
_c
Eldra Pearl Solomon; Linda R. Berg; Diana W. Martin;
942
_2
udc
_c
BK
999
_c
1929
_d
1929